Bases y condiciones del conocimiento /

Introducción a la filosofía de la educación que presenta una reflexión epistemológica sobre la naturaleza y las condiciones del conocimiento en el contexto y propósitos educativos, en el marco del positivismo lógico.

Պահպանված է:
Մատենագիտական մանրամասներ
Հիմնական հեղինակ: Scheffler, Israel (autor)
Ձևաչափ: Գիրք
Լեզու:իսպաներեն
Հրապարակվել է: Buenos Aires, Argentina : Paidós : Centro Regional de Ayuda Técnica : Agencia para el Desarrollo Internacional, 1970, c1970
Շարք:(Alianza para el Progreso)
Խորագրեր:
Ցուցիչներ: Ավելացրեք ցուցիչ
Չկան պիտակներ, Եղեք առաջինը, ով նշում է այս գրառումը!

MARC

LEADER 00000nam^a2200000^a^4500
001 000310106
005 20250521000000.0
009 20260310113005.297
037 |a Acervo ITESO - Biblioteca 
041 |a ESP 
082 |a 370. 1  |b SCH 
100 |a Scheffler, Israel  |e (autor) 
240 1 1 |a [Bases y condiciones del conocimiento] 
245 1 0 |a Bases y condiciones del conocimiento /  |c I. Scheffler ; tr. por Silvia Costa. 
264 4 |a Buenos Aires, Argentina :  |b Paidós :  |b Centro Regional de Ayuda Técnica :  |b Agencia para el Desarrollo Internacional,  |c 1970, c1970 
300 |a 148 p. 
336 |a texto  |b txt  |2 rdacontenido 
337 |a sin mediación  |b n  |2 rdamedio 
338 |a volumen  |b nc  |2 rdasoporte 
440 1 |a (Alianza para el Progreso) 
500 |a Traducción de: Conditions of Knowledge. An Introduction to Epistemology and Education 
520 |a Introducción a la filosofía de la educación que presenta una reflexión epistemológica sobre la naturaleza y las condiciones del conocimiento en el contexto y propósitos educativos, en el marco del positivismo lógico. 
649 |a XX 
650 |a Aprendizaje 
650 |a Conocimiento -  |x Tema Principal 
650 |a Epistemología 
650 |a Psicología Cognitiva -  |x Tema Principal 
650 |a Proceso Educativo 
650 |a Positivismo Lógico 
650 |a Filosofía Analítica 
650 |a Filosofía de la Educación 
650 |a Educación 
910 |a Fondo General 
920 |a Impresos - Libros 
930 |a Colección General 
905 |a 101 
901 |a 0174770200  |b IT1  |c ACC  |u 20250521 
901 |a 0174770100  |b IT1  |c ACC  |u 20250521 
902 |a https://opac.biblio.iteso.mx/vufind/Record/000310106